ბათუმის შოთა რუსთაველის სახელმწიფო უნივერსიტეტის ბიბლიოთეკა

აზარტომანია XXI საუკუნის ნარკომანია / (ბიბ.ჩანაწერი № 53864)

000 -ლიდერი
ფიქსირებული სიგრძის საკონტროლო ველი 01263nam a2200277Ia 4500
001 - საკონტროლო ნომერი
საკონტროლო ველი 20915
003 - საკონტროლო ნომრის იდენტიფიკატორი
საკონტროლო ველი GE_BSU
005 - ბოლო ოპერაციის თარიღი და დრო
საკონტროლო ველი 20221219113824.0
008 - ფიქსირებული სიგრძის მონაცემთა ელემენტები - ზოგადი ინფორმაცია
ფიქსირებული სიგრძის საკონტროლო ველი 181216s2011||||ge |||||||||||||| ||geo||
020 ## - წიგნის საერთაშორისო სტანდარტული ნომერი
International Standard Book Number 9789941031717
040 ## - კატალოგიზაციის წყარო
Transcribing agency GE_BSU
041 ## - ენის კოდი
Language code of text/sound track or separate title geo
080 ## - უნივერსალური ათობითი კლასიფიკაციის ინდექსი
Universal Decimal Classification number 616.89 გ–19
100 ## - მთავარი ჩანაწერი - პიროვნების სახელი
Personal name გამყრელიძე, აკაკი
9 (RLIN) 16470
245 ## - ცნობა სათაურის შესახებ
Title აზარტომანია XXI საუკუნის ნარკომანია /
Statement of responsibility, etc აკაკი გამყრელიძე, ირაკლი გიორგობიანი, შოთა გამყრელიძე ; [რედ. ზეინაბ გიორგაძე].
264 ## - წარმოების, გამოცემის, დისტრიბუციის და სხვა ცნობები
გამოცემის, წარმოების, დისტრიბუციის... ადგილი თბილისი :
გამოცემის, წარმოების, დისტრიბუციის... სახელწოდება გ.გ,
გამოცემის, წარმოების, დისტრიბუციის... თარიღი 2011.
300 ## - ფიზიკური აღწერა
Extent 312გვ. ;
Other physical details 22სმ.
504 ## - BIBLIOGRAPHY, ETC. NOTE
Bibliography, etc ბიბლიოგრ.: გვ. 289-308
653 ## - INDEX TERM--UNCONTROLLED
Uncontrolled term აზარტომანია.
653 ## - INDEX TERM--UNCONTROLLED
Uncontrolled term ლუდომანია.
700 ## - ADDED ENTRY--PERSONAL NAME
Personal name გიორგობიანი, ირაკლი
Relator term ავტორი
9 (RLIN) 16471
700 ## - ADDED ENTRY--PERSONAL NAME
Personal name გამყრელიძე, შოთა
Relator term ავტორი
9 (RLIN) 6606
700 ## - ADDED ENTRY--PERSONAL NAME
Personal name გიორგაძე, ზეინაბ
Relator term რედაქტორი
9 (RLIN) 16472
942 ## - ADDED ENTRY ELEMENTS (KOHA)
Koha item type წიგნი
Source of classification or shelving scheme
ეგზემპლარები
ჩამოწერის სტატუსი დაკარგული ეგზემპლარის სტატუსი კლასიფიკაციის წყარო ან თაროზე გაწყობის სქემა დაზიანების სტატუსი არ გაიცემა მუდმივი მდებარეობა (დაცვის ადგილი) ამჟამინდელი ადგილსამყოფელი თაროზე განთავსების ადგილი შეძენის თარიღი ღირებულება, შესყიდვის ნორმალური ფასი სრული შენახვის შიფრი შტრიხკოდი ბოლო ოპერაციის თარიღი ეგზემპლარის მიმდევრობითი ნომერი (კეტერი?) ფასის ძალაში შესვლის თარიღი ეგზემპლარის სახეობა საჯარო შენიშვნა
          ბათუმის შოთა რუსთაველის სახელმწიფო უნივერსიტეტის მთავარი ბიბლიოთეკა ბათუმის შოთა რუსთაველის სახელმწიფო უნივერსიტეტის მთავარი ბიბლიოთეკა წიგნსაცავი 2018-12-17 11.24 616.89 გ–19 54521 2018-12-17 54521 2018-12-17 წიგნი 11 ლ. 24 თ.